Quiz o Europie. - Statystyki

Ogólne statystyki
  • Ten quiz został rozwiązany 781 razy
  • Średni wynik to 4 z 7
Statystyki odpowiedzi
Pytanie Odpowiedź % Poprawnych
Jaki kraj ma większą powierzchnie? Hiszpania czy Niemcy? Hiszpania
86%
Najmłodszy kraj W Uropie? Kosowo
84%
Największy kraj z walutą Euro? Francja
81%
Ile krajów graniczy z Polską? siedem
79%
Ile jest państw w Europie? 47
59%
W którym roku powstała Unia Europejska? 1993
40%
Ludność Rosji? (całej) 144 100 000 mln
0%
Nie znaleziono quizów pasujących do podanych kryteriów
Rozkład punktacji
Procent ludzi z każdym wynikiem
Percentyl według liczby udzielonych odpowiedzi
Twoja historia wyników
Nie rozwiązałeś tego quizu